Principles of neural networks / (Record no. 41976)

MARC details
000 -LEADER
fixed length control field 00691nam a22002057a 4500
005 - DATE AND TIME OF LATEST TRANSACTION
control field 20100814153948.0
010 ## - LCCN (DPL NO)
LC control number ENG-100526
020 ## - INTERNATIONAL STANDARD BOOK NUMBER
Terms of availability 110.00
035 ## - SYSTEM CONTROL NUMBER
System control number EN-84059
037 ## - SOURCE OF ACQUISITION
Source of stock number/acquisition DBAD/PUB
082 ## - DEWEY DECIMAL CLASSIFICATION NUMBER
Classification number 612.8
100 ## - MAIN ENTRY--PERSONAL NAME
Personal name Nagarajan,K
245 ## - TITLE STATEMENT
Title Principles of neural networks /
Statement of responsibility, etc by K Nagarajan
260 ## - PUBLICATION, DISTRIBUTION, ETC. (IMPRINT)
Place of publication, distribution, etc Perambalur
Name of publisher, distributor, etc Mercury Publishers
270 ## - ADDRESS
Address Mercury Printers & Publishers
City Perambalur
Postal code 621212
300 ## - PHYSICAL DESCRIPTION
Extent iii,83p
Dimensions 27cm(pbk)
500 ## - GENERAL NOTE
General note Includes references
942 ## - ADDED ENTRY ELEMENTS (KOHA)
Source of classification or shelving scheme Dewey Decimal Classification
Item type English Books
Classification part 612.8
Call number suffix NAG
Holdings
Withdrawn status Lost status Not for loan Collection code Home library Current library Date acquired Source of acquisition Cost, normal purchase price Full call number Barcode Copy number Cost, replacement price Koha item type
    Not For Loan Non-fiction D.B.Act.Division D.B.Act.Division 14/08/2010 DBAD/PUB 110.00 612.8 NAG EN-84059 1 110.00 English Books

© Delhi Public Library
Hit Counter
free hit counter